This, But Not That XII Quiz Stats

 Plays Quiz Updated Apr 24, 2018

Score 0/18 Timer 05:00
2 Plays Today
% Correct
Battery Sizes
95.5%
U.S. Bus Companies
85.2%
Grains and Seeds
84.9%
Vitamins
83.6%
Twelve Step Programs
81.2%
Dog Breeds
80.8%
Sugar-Free Gum
78.6%
States of Mexico
74.7%
Foot Calluses
71.4%
% Correct
Types of Skirts
70.8%
Communist Dictators
68.5%
Greek Gods
66.9%
Characters from the Our Gang films
63.5%
Famous Ships
60.5%
Chinese Rebellions
56.9%
Steve McQueen Movies
54.7%
Universities in Texas
53.5%
Grammy Award Winning R&B Singing Sisters
45.1%

You're not logged in!

Compare scores with friends on all Sporcle quizzes.
OR
Log In

Sporcle TV

Today on Sporcle TV


Watch our educational content, quiz creation guides, and fun videos on Sporcle TV.

Show Comments

Extras

Top Quizzes Today


Score Distribution

Your Account Isn't Verified!

In order to create a playlist on Sporcle, you need to verify the email address you used during registration. Go to your Sporcle Settings to finish the process.

Report this User

Report this user for behavior that violates our Community Guidelines.

Details: